Statistics for Countries By Population Change 1950 - 2019

Click here to take the quiz!

General Stats

  • This quiz has been taken 60 times
  • The average score is 18 of 20

Answer Stats

Population ChangeCountry% Correct
+ 879,364,423China
100%
+ 990,092,556India
100%
+ 201,082,246Indonesia
100%
+ 157,074,791Brazil
98%
+ 99,630,858Mexico
98%
+ 163,103,853Nigeria
98%
+ 170,260,520United States of America
98%
+ 125,151,502Bangladesh
96%
+ 74,606,906D.R. Congo
96%
+ 179,022,947Pakistan
96%
+ 65,794,631Iran
94%
+ 79,936,088Egypt
92%
+ 93,950,697Ethiopia
91%
+ 62,021,209Turkey
89%
+ 71,652,199Vietnam
89%
+ 50,355,696Tanzania
85%
+ 48,915,228Thailand
83%
+ 46,497,210Kenya
79%
+ 44,929,833South Africa
79%
+ 89,536,139Philippines
74%

Score Distribution

Percentile by Number Answered

Percent of People with Each Score

Your Score History

You have not taken this quiz